| 000 | 00450nam a2200181Ia 4500 | ||
|---|---|---|---|
| 001 | 22730 | ||
| 005 | 20260414150850.0 | ||
| 008 | 260414t2007||||xx |||||||||||||| ||spa|| | ||
| 041 | _aESP | ||
| 082 |
_a621.3885 _bC33 |
||
| 100 |
_aCastells, Manuel _eAUT |
||
| 245 | 0 |
_aComunicación móvil y sociedad : _buna perspectiva global |
|
| 260 | _c2007 | ||
| 300 |
_a475 páginas : _c\N |
||
| 650 | _aTCA | ||
| 654 | _aCET | ||
| 942 |
_cLIB _dJUS _fJUS _2ddc _n |
||
| 999 |
_c22730 _d22730 |
||